000 00608nam a22001937a 4500
005 20251108174548.0
008 250721s2005 xx 000 0 ara d
082 1 4 _a415.01/هصي
100 1 _aهصيص، علي
245 1 0 _aمعجم مصطلحات و أدوات النحو و الإعراب /
264 1 _aعمان :
_bدار عالم الثقافة للنشر و التوزيع،
_c2005.
300 _a303ص.
650 1 7 _aاللغه العربيه
650 1 7 _aالنحو
650 1 7 _aالاعراب
700 1 _aالمصري، عيسى
_eمراجع
942 _2ddc
_cBK
999 _c112301
_d112301